| 000 | 00627nam a2200193 4500 | ||
|---|---|---|---|
| 001 | 144747 | ||
| 003 | ES-MaACL | ||
| 005 | 20230906201105.0 | ||
| 007 | t| | ||
| 008 | 070214s1947 ec r ||||1| spa d | ||
| 100 | 1 |
_aSilva, Rafael Euclides. _9106382 |
|
| 245 | 1 | 0 |
_aBiogénesis de Santiago de Guayaquil / _cRafael Euclides Silva. |
| 260 |
_aGuayaquil (Ecuador) : _b[s.n.], _c1947 ( _fImp. de la Universidad) |
||
| 300 |
_aXXVII, 266 p. ; _c15 cm. |
||
| 490 | 1 |
_aCiencias histórico-sociales ; _v4 |
|
| 830 | 0 |
_aCiencias histórico-sociales ; _v4 _9220704 |
|
| 852 |
_aES-MaACL _jC-4919 _bR.25311 |
||
| 999 |
_c144747 _d144747 |
||